000 00803cam a2200253 i 4500
001 12712083
003 GBCCL
005 20250714125042.0
008 160114s2015 ii b 000 0 eng d
035 _a(OCoLC)934880403
035 _a(IiNdDKA)DK-253008-PBK
035 _a12712083
040 _aIiNdDKA
_beng
_cIiNdDKA
_erda
_dCtY-D
082 0 4 _a270
_223
_bHAO
100 1 _aHaokip, M. Thongkhosei,
_eauthor.
_95365
245 1 2 _aA guide book to history of Christianity :
_bfrom the first to the eighteenth centuries /
_cM. Thongkhosei Haokip.
264 1 _aSecunderabad :
_bPakthang haokip,
_c2017.
300 _a336 pages ;
_c25 cm
336 _atext
_2rdacontent
337 _aunmediated
_2rdamedia
338 _avolume
_2rdacarrier
650 0 _aChristianity
_xHistory.
_95368
942 _2ddc
_cBK
_0333
999 _c2564
_d2564